| 000 | 00470 a2200169 4500 | ||
|---|---|---|---|
| 003 | OSt | ||
| 005 | 20231226104928.0 | ||
| 008 | 231226b |||||||| |||| 00| 0 eng d | ||
| 020 | _a9788170554608 | ||
| 040 | _coclc | ||
| 082 |
_a891.46 _bSAW/M |
||
| 100 |
_aSawant, Shivaji _97124 |
||
| 245 |
_aMRITYUNJAYA / _cShivaji Sawant |
||
| 260 |
_aNew Delhi: _bVani Prakashan, _c2022 |
||
| 300 | _a63p | ||
| 942 |
_2ddc _cBK _h891.46 _iSAW/M _k891.46 _mSAW/M |
||
| 999 |
_c43576 _d43576 |
||